000 00880cam a2200157 4500500
005 20260405001403.0
041 _afre
042 _adc
100 1 0 _aGuennif, Samira
_eauthor
245 0 0 _aBrevet et santé publique dans les pays du Sud : l'accès aux médicaments antisida
260 _c2012.
500 _a53
520 _aRésuméLa montée en puissance du brevet dans les pays du Sud intervient dans un contexte sanitaire critique : on prédit des innovations thérapeutiques et des transferts technologiques importants ; mais la hausse des prix et l’inaccessibilité de médicaments essentiels, comme les médicaments antisida, pourraient finalement porter atteinte au bien-être des populations.
786 0 _nÉtudes | 417 | 7 | 2012-07-01 | p. 41-51 | 0014-1941
856 4 1 _uhttps://shs.cairn.info/revue-etudes-2012-7-page-41?lang=fr&redirect-ssocas=7080
999 _c2047094
_d2047094